Slovak retail food chains as oligopolies

Slovenské maloobchodné potravinové reťazce v postavení oligopolu. Správanie sa obchodných reťazcov na trhu SR. Obchodné vzťahy medzi veľkými maloobchodnými reťazcami a dodávateľmi potravín. Nerovnováha vo vzťahoch s dodávateľmi s dopadom na konečného spotrebiteľa.

Na minha lista:
Detalhes bibliográficos
Autor principal: Dengová, Elena
Formato: Capítulo de Livro
Idioma:inglês
Assuntos:
Tags: Adicionar Tag
Sem tags, seja o primeiro a adicionar uma tag!

MARC

LEADER 00000naa$a2200000$$$4500
001 0208755
005 20240502083521.7
041 0 |a eng 
044 |a CZ 
245 1 0 |a Slovak retail food chains as oligopolies  |c Elena Dengová 
520 |a Slovenské maloobchodné potravinové reťazce v postavení oligopolu. Správanie sa obchodných reťazcov na trhu SR. Obchodné vzťahy medzi veľkými maloobchodnými reťazcami a dodávateľmi potravín. Nerovnováha vo vzťahoch s dodávateľmi s dopadom na konečného spotrebiteľa. 
610 2 0 |a reťazce obchodné 
610 2 0 |a potraviny 
610 2 0 |a maloobchod 
610 2 0 |a oligopoly 
610 2 0 |a vzťahy obchodné 
610 2 0 |a dodávatelia 
100 1 |a Dengová, Elena